Social control and social change /

Bibliographic Details
Main Author: Scott, John Paul, 1909-2000
Other Authors: Scott, Sarah (Fisher), 1909-, Abcarian, Gilbert, 1925-
Format: Book
Language:English
Published: Chicago : University of Chicago Press, [1971]
Subjects:

MARC

Tag First Indicator Second Indicator Subfields
LEADER 00000cam a2200000 4500
001 in00000016319
005 20151007052735.0
008 720814s1971 ilua b 00110 eng
010 |a  74147822  
020 |a 0226742954 
035 |a (OCoLC)00312494 
035 |9 AAA9006AM 
040 |a DLC  |c DLC  |d m.c.  |d TXA  |d UtOrBLW 
049 |a TXAM  |c [A11484832] 
050 0 0 |a HM73  |b .S38 
082 0 |a 301.15 
100 1 |a Scott, John Paul,  |d 1909-2000. 
245 1 0 |a Social control and social change /  |c Edited by John Paul Scott and Sarah F. Scott. Contributors: Gilbert Abcarian [and others]. 
264 1 |a Chicago :  |b University of Chicago Press,  |c [1971] 
300 |a x, 237 pages :  |b illustrations ;  |c 24 cm. 
336 |a text  |b txt  |2 rdacontent 
337 |a unmediated  |b n  |2 rdamedia 
338 |a volume  |b nc  |2 rdacarrier 
504 |a Includes bibliographies and indexes. 
650 0 |a Social control. 
700 1 |a Scott, Sarah (Fisher),  |d 1909- 
700 1 |a Abcarian, Gilbert,  |d 1925- 
999 |a MARS 
999 f f |s ea4514d1-3b48-3e1b-b6e3-45acbf68eb8a  |i c5ea4bd7-8aca-3998-8b72-2891c114d6fd  |t 0 
952 f f |p ric  |a Texas A&M University  |b Rellis Campus  |c Joint Library Facility  |d Remote Storage  |t 0  |e HM73 .S38  |h Library of Congress classification  |i unmediated -- volume  |m A14811484832 
998 f f |a HM73 .S38  |t 0  |l Remote Storage